01182 2200361 4500001002100000005001500021035002000036007000300056008004100059020002200100082001600122084001800138100005600156245013700212250002900349300002900378650003600407700004300443264003800486336002100524337003000545338002300575040002200598500004800620850001200668090002000680990002000700990002000720990002000740990002000760990002000780990002000800INLIS00000000085102120190923024101 a0010-0919000294ta190923r20172018yoi fr 1 | ind d a978-602-6733-10-804223a297.092 a297.092 HAS p0 aHasyim Asy'ari, M.cKH.d1287 H - 1366 HePengarang10aPemikiran Kiai Hasyim Asy'ari tentang agama, perempuan, dan kemasyarakatan /cKH. M. Hasyim Asy'ari; penyunting, Jamal Ma'mur Asmani aCetakan II: Januari 2018 axiv, 95 halaman ;c21 cm 4aKiai Hasyim Asy'ari--vBiografi0 aJamal Ma'mur Asmanid1979-ePenyunting aSleman :bAswaja Pressindo,c2018 2rdacontentateks 2rdamediaatanpa perantara 2rdacarrieravolume aYOPDYOGbinderda aTeks dalam bahasa Indonesia dan bahasa Arab aYOPDYOG aT 297.092 HAS p a41182-PD/B.2019 a41183-PD/B.2019 a41183-PD/B.2019 a41182-PD/B.2019 a41182-PD/B.2019 a41183-PD/B.2019